<?xml version="1.0" encoding="UTF-8"?>
<marc:record xmlns:marc="http://www.loc.gov/MARC21/slim">
   <marc:leader>00000nam a2200000 a 4500</marc:leader>
   <marc:datafield ind1="1" ind2=" " tag="100">
      <marc:subfield code="a">Speulhof, Barbara van den</marc:subfield>
      <marc:subfield code="4">aut</marc:subfield>
      <marc:subfield code="e">Verfasser/-in</marc:subfield>
   </marc:datafield>
   <marc:datafield ind1=" " ind2=" " tag="653">
      <marc:subfield code="a">Antolin</marc:subfield>
   </marc:datafield>
   <marc:datafield ind1=" " ind2=" " tag="653">
      <marc:subfield code="a">Ärger</marc:subfield>
   </marc:datafield>
   <marc:datafield ind1=" " ind2=" " tag="653">
      <marc:subfield code="a">Wut</marc:subfield>
   </marc:datafield>
   <marc:datafield ind1=" " ind2=" " tag="653">
      <marc:subfield code="a">Klasse-2</marc:subfield>
   </marc:datafield>
   <marc:datafield ind1="0" ind2="0" tag="245">
      <marc:subfield code="a">Der Grolltroll....grollt heut nicht!?</marc:subfield>
   </marc:datafield>
   <marc:datafield ind1=" " ind2="1" tag="264">
      <marc:subfield code="b">Coppenrath</marc:subfield>
      <marc:subfield code="c">2019</marc:subfield>
   </marc:datafield>
   <marc:datafield ind1="1" ind2=" " tag="520">
      <marc:subfield code="a">Ich kann auch anders! Davon ist der Grolltroll felsenfest überzeugt und wettet darum mit seinen Freunden, einen Tag nicht zu grollen. Aber das ist gar nicht so leicht. Denn als seine Freunde ihm den leckeren Kuchen einfach vor der Nase wegschnappen, möchte er am liebsten mit den Füßen auf den Boden stampfen. Und als ihm eine erschrockene Krähe mitten auf die Nase macht, möchte er am liebsten laut schreien. Ob der Grolltroll es trotzdem schafft, die Wette zu gewinnen ...?
</marc:subfield>
   </marc:datafield>
   <marc:datafield ind1=" " ind2=" " tag="020">
      <marc:subfield code="a">9783649631644</marc:subfield>
      <marc:subfield code="9">9783649631644</marc:subfield>
   </marc:datafield>
</marc:record>
